Peuple et pauvres des villes dans la France moderne : De la Renaissance à la Révolution (notice n° 1568441)
[ vue normale ]
| 000 -LEADER | |
|---|---|
| fixed length control field | 01408cam a2200133 4500500 |
| 005 - DATE AND TIME OF LATEST TRANSACTION | |
| control field | 20251214004327.0 |
| 041 ## - LANGUAGE CODE | |
| Language code of text/sound track or separate title | fre |
| 042 ## - AUTHENTICATION CODE | |
| Authentication code | dc |
| 100 10 - MAIN ENTRY--PERSONAL NAME | |
| Personal name | Béroujon, Anne |
| Relator term | author |
| 245 00 - TITLE STATEMENT | |
| Title | Peuple et pauvres des villes dans la France moderne : De la Renaissance à la Révolution |
| 260 ## - PUBLICATION, DISTRIBUTION, ETC. | |
| Name of publisher, distributor, etc. | Armand Colin,<br/> |
| Date of publication, distribution, etc. | 2014.<br/> |
| 520 ## - SUMMARY, ETC. | |
| Summary, etc. | Qu’est-ce que le peuple dans les villes de la France moderne ? Comment le saisir dans toute sa diversité ? Les élites en livrent une représentation réductrice entre le xvie siècle et la Révolution, d’abord comme une masse indifférenciée prise dans sa seule dépendance aux puissants, ensuite comme une force politique incontrôlable. Pourtant, derrière ces traits figés, le peuple connaît une incessante mobilité, des parcours singuliers et des types aussi variés que la prostituée, le compagnon, la « revenderesse » ou le domestique.C’est dans ses multiples facettes, entre pauvreté et bourgeoisie, que cet ouvrage entend aborder le peuple. Dressant un tableau détaillé de ce groupe social, il en étudie, selon l’époque, l’activité légale et clandestine, le quotidien, le genre et les niveaux économiques, les configurations urbaines, les pratiques culturelles et la dimension politique. |
| 856 41 - ELECTRONIC LOCATION AND ACCESS | |
| Uniform Resource Identifier | <a href="https://shs.cairn.info/peuple-et-pauvres-des-villes-dans-la-france-modern--9782200255091?lang=fr&redirect-ssocas=7080">https://shs.cairn.info/peuple-et-pauvres-des-villes-dans-la-france-modern--9782200255091?lang=fr&redirect-ssocas=7080</a> |
Pas d'exemplaire disponible.




Réseaux sociaux